Classement des phases de poules de la ligue des champions 2024-2025 - Statistiques

Statistiques générales
  • Ce quiz a été pris 48 fois
  • Le résultat moyen est 17 sur 36
Statistiques - réponses
Rang Nombre de points Equipe % Correct
15 13 PSG
92%
1 21 Liverpool
89%
2 19 FC Barcelone
84%
22 11 Manchester City
84%
11 15 Real Madrid
84%
3 19 Arsenal
78%
12 15 Bayern Munich
78%
4 19 Inter Milan
76%
5 18 Atletico Madrid
65%
20 12 Juventus
65%
17 13 AS Monaco
62%
8 16 Aston Villa
62%
13 15 AC Milan
59%
16 13 Benfica
59%
18 13 Stade brestois
59%
10 15 Borussia Dortmund
54%
7 16 LOSC
54%
14 14 PSV
51%
6 16 Bayer Leverkusen
43%
19 13 Feyenoord
43%
24 11 Club Bruges
38%
21 12 Celtic
35%
23 11 Sporting portugal
35%
33 3 Girona
32%
32 3 RB Leipzig
32%
9 15 Atalanta Bergame
22%
26 10 Stuttgart
22%
28 6 Bologne
19%
29 6 Etoile rouge de Belgrade
16%
25 11 Dinamo Zagreb
14%
30 6 Sturm Graz
14%
35 0 Slovan bratislava
11%
31 4 Sparta Prague
11%
36 0 Young Boys
11%
34 3 RB Salzbourg
8%
27 7 Shakhtar
3%
Aucun quiz correspondant
Distribution des résultats
% des personnes avec chaque résultat
Percentile par nombre de réponses
Votre historique - résultats
Vous n’avez pas pris ce quiz